=LDR 00000nam 2200000 4500 =001 INLIS000000000810571 =005 20260607101004 =035 ##$$a 0010-0626000008 =007 ta =008 260607################g##########0#ind## =020 ##$$a 9786020788531 =082 ##$$a 323.4 =084 ##$$a 323.4 MAT k =100 #$$a Matt Easton( Pengarang ) =245 1#$$a Kami Sudah Lelah Dengan Kekerasan : $b Reformasi Pembunuhan Munir dan Pencarian Keadilan Di Indonesia =250 ##$$a Cet. 1 =260 ##$$a Tanggerang, Amerika Serikat :$b Marjin Kiri ,University of Wisconsin Press,$c 2024 =300 ##$$a xvii +453 hlm : $b ilustrasi ; $c 14 X 20.3 cm =700 #$$a Keenan Nasution (Penerjemah) =600 #4$$a Hak Asasi Manusia, Politik Indonesia, Reformasi =500 ##$$a Buku ini merupakan hibah dari santri kelas XII Angkatan 3